Statistics for U.S. States With Most Missing Persons

Click here to take the quiz!

General Stats

  • This quiz has been taken 46 times
  • The average score is 7 of 10

Answer Stats

#State% Correct
2,133California
98%
1,252Florida
93%
606New York
93%
1,246Texas
90%
643Washington
83%
915Arizona
63%
432Oregon
63%
401Pennsylvania
58%
556Michigan
50%
361Tennessee
25%

Score Distribution

Percentile by Number Answered

Percent of People with Each Score

Your Score History

You have not taken this quiz